000 00388 a2200145 4500
001 92570
082 _a537.12 CHE
090 _c44510
_d44511
100 _aCheng, David K.
245 _aField and Wave Electromagnetics, 2nd Ed
_cDavid K. Cheng
_hEnglish
250 _a2
260 _aChina
_bAddison-Wesley, USA
_c2006
300 _axvi, 705p
500 _aMS textbooks Aerospace
942 _aNUST-CAE
_k537.12 CHE
_cAV
999 _c327643
_d327643